Stanovenie vitamínu C v ovocí a zelenine

Gespeichert in:
Bibliographische Detailangaben
1. Verfasser: Lieskovský, Jakub (Verfasst von)
Weitere Verfasser: Masác, Jakub (Betreuung Doktorarbeit)
Format: Manuskript Buch
Sprache:Slowakisch
Veröffentlicht: 2025
Schlagworte:
Online-Zugang:http://is.stuba.sk/zp/portal_zp.pl?podrobnosti=171575
Tags: Tag hinzufügen
Keine Tags, Fügen Sie das erste Tag hinzu!

MARC

LEADER 00000ntm a22000003a 4500
001 stuzp105339
003 SK-STU
005 20250628212615.0
007 ta
008 150427s2015----xo-----f-mn---000-0-slo-d
040 |a STU  |b slo 
041 0 |a slo 
100 1 |a Lieskovský, Jakub  |u 041000  |4 aut  |U FCHPT Fakulta chemickej a potravinárskej technológie  |T FCHPT Ústav analytickej chémie  |X 117276  |U C1000  |Y 99  |7 117276 
242 0 1 |a Determinatiom of Ascorbic Acid in Fruits and Vegetables  |y eng 
245 1 0 |a Stanovenie vitamínu C v ovocí a zelenine 
260 |c 2025 
650 4 |a chronopotenciometria  |2 slo 
650 4 |a kyselina askorbová  |2 slo 
650 4 |a prietoková analýza  |2 slo 
650 4 |a ascorbic acid  |2 eng 
650 4 |a chronopotentiometry  |2 eng 
650 4 |a flow analysis  |2 eng 
700 1 |a Masác, Jakub  |4 ths  |X 64262  |7 64262 
856 4 |u http://is.stuba.sk/zp/portal_zp.pl?podrobnosti=171575